Tratado de axiología / (Record no. 186225)

MARC details
000 -LEADER
campo de control de longitud fija 01260nam a2200325 i 4500
001 - NÚMERO DE CONTROL
campo de control 186225
003 - IDENTIFICADOR DE NÚMERO DE CONTROL
campo de control SpMaBN
005 - FECHA Y HORA DE LA ÚLTIMA TRANSACCIÓN
campo de control 20251120063152.0
008 - DATOS DE LONGITUD FIJA--INFORMACIÓN GENERAL
campo de control de longitud fija 160920m19851990sp d |||| | spa d
020 ## - NÚMERO INTERNACIONAL ESTÁNDAR DEL LIBRO
Número Internacional Estándar del Libro 84-404-7090-8 (1990)
080 ## - NÚMERO DE LA CLASIFICACIÓN DECIMAL UNIVERSAL
Número de la Clasificación Decimal Universal 17.022.1
080 ## - NÚMERO DE LA CLASIFICACIÓN DECIMAL UNIVERSAL
Número de la Clasificación Decimal Universal 330.138
080 ## - NÚMERO DE LA CLASIFICACIÓN DECIMAL UNIVERSAL
Número de la Clasificación Decimal Universal 111.852:248.1
100 1# - ENTRADA PRINCIPAL--NOMBRE DE PERSONA
Nombre de persona Méndez, José María,
Fechas asociadas al nombre 1929-
9 (RLIN) 160919
245 10 - MENCIÓN DEL TÍTULO
Título Tratado de axiología /
Mención de responsabilidad, etc. José María Méndez.
260 ## - PUBLICACIÓN, DISTRIBUCIÓN, ETC.
Lugar de publicación, distribución, etc. Madrid :
Nombre del editor, distribuidor, etc. Estudios de Axiología,
Fecha de publicación, distribución, etc. [1985-1990]
300 ## - DESCRIPCIÓN FÍSICA
Extensión 3 t. en 2 v. (XII, 623 p. ; XIII, 417 p.,198 p. :
Otras características físicas gráf. ;
Dimensiones 21 cm.
500 ## - NOTA GENERAL
Nota general Índices.
504 ## - NOTA DE BIBLIOGRAFÍA, ETC.
Nota de bibliografía, etc. Bibliografía: p. 593-607; p. 397-403.
505 8# - NOTA DE CONTENIDO CON FORMATO
Nota de contenido con formato Contiene: I ;
Título Teoría básica y valores éticos - II ;
-- Teoría del valor (economía axiológica) [III] ;
-- Valores estéticos y ascéticos,(
Información miscelánea [1990])
595 ## -
-- En p. V de t. 1: nota a la 3ª ed. [1985] - En p. V de t. 2: nota a la 2ª ed. [1988]
650 #7 - PUNTO DE ACCESO ADICIONAL DE MATERIA--TÉRMINO DE MATERIA
Término de materia o nombre geográfico como elemento de entrada Valores (Filosofía)
9 (RLIN) 154937
650 #4 - PUNTO DE ACCESO ADICIONAL DE MATERIA--TÉRMINO DE MATERIA
Término de materia o nombre geográfico como elemento de entrada Valor (Economía)
9 (RLIN) 147493
650 #4 - PUNTO DE ACCESO ADICIONAL DE MATERIA--TÉRMINO DE MATERIA
Término de materia o nombre geográfico como elemento de entrada Ascetismo.
9 (RLIN) 10365
650 #7 - PUNTO DE ACCESO ADICIONAL DE MATERIA--TÉRMINO DE MATERIA
Término de materia o nombre geográfico como elemento de entrada Estética
Fuente del encabezamiento o término embne
9 (RLIN) 142387
740 02 - ENTRADA AGREGADA--TÍTULO RELACIONADO/ANALÍTICO NO CONTROLADO
Título relacionado o analítico no controlado Teoría del valor (economía axiológica)
740 02 - ENTRADA AGREGADA--TÍTULO RELACIONADO/ANALÍTICO NO CONTROLADO
Título relacionado o analítico no controlado Valores estéticos y ascéticos.
852 ## - LOCALIZACIÓN
Ubicación ES-MaACL
Número de control de estantería N-6809-10
Holdings
Estatus retirado Estado de pérdida Fuente del sistema de clasificación o colocación Estado de daño No para préstamo Biblioteca de origen Biblioteca actual Ubicación en estantería Fecha de adquisición Fuente de adquisición Enumeración/cronología de publicación seriada Total de préstamos Signatura topográfica completa Código de barras Visto por última vez Precio de reemplazo Tipo de ítem Koha
    Clasificación decimal universal     Biblioteca del Ateneo de Madrid Biblioteca del Ateneo de Madrid Depósito 1 20/09/2016 Donación v.1   A-13809 1196340 23/02/2023 23/02/2023 Libro impreso
    Clasificación decimal universal     Biblioteca del Ateneo de Madrid Biblioteca del Ateneo de Madrid Depósito 1 20/09/2016 Donación v.2   A-13810 101206179 01/12/2023 23/02/2023 Libro impreso